| 000 | 00855cam a22002654a 4500 | ||
|---|---|---|---|
| 001 | 12804211 | ||
| 005 | 20180313044144.0 | ||
| 008 | 020606s2003 paua b 001 0 eng | ||
| 010 | _a 2002075771 | ||
| 020 | _a0721600085 | ||
| 035 | _a(DNLM)101147103 | ||
| 040 |
_aDNLM/DLC _cDLC _dDLC |
||
| 041 | _aeng | ||
| 042 | _apcc | ||
| 060 | 1 | 0 |
_aQW 568 _bA122c 2003 |
| 080 | _a616.079 ABB | ||
| 082 | 0 | 0 |
_a616.079 ABB _221 |
| 100 | 1 | _a9 | |
| 101 | _aIMU | ||
| 245 | 1 | 0 |
_aCellular and molecular immunology / _cAbul K. Abbas, Andrew H. Lichtman ; illustrations by David L. Baker, Alexandra Baker. |
| 504 | _aIncludes bibliographical references and index. | ||
| 906 |
_a7 _bcbc _corignew _d1 _eocip _f20 _gy-gencatlg |
||
| 942 |
_2ddc _cBK |
||
| 999 |
_c44810 _d44810 |
||